MARC

LEADER 00000nam0a2200000 4500
001 166874
005 20231101222642.0
020 |a RU  |b 86-29326 
035 |a (RuTPU)RU\TPU\book\181006 
090 |a 166874 
100 |a 20091008d1986 m a0rusy5003 ca 
101 0 |a rus 
102 |a RU 
105 |a a j 000zy 
200 1 |a Сборник избранных задач по физике  |f М. П. Шаскольская, И. А. Эльцин 
205 |a 5-е изд., перераб. 
210 |a Москва  |c Наука  |d 1986 
215 |a 207 с.  |c ил.  |d 20 см 
606 1 |a Физика  |2 stltpush  |3 (RuTPU)RU\TPU\subj\63709  |9 80688 
610 1 |a задачи 
610 1 |a решение 
610 1 |a физические олимпиады 
610 1 |a физические величины 
610 1 |a терминология 
675 |a 53(076)  |z rus 
700 1 |a Шаскольская  |b М. П.  |g Марианна Петровна  |4 070 
701 1 |a Эльцин  |b И. А.  |g Иосиф Абрамович  |4 070 
801 0 |a RU  |b RuMRKP  |c 19950704  |g psbo 
801 1 |a RU  |b 63413507  |c 20091008 
801 2 |a RU  |b 63413507  |c 20140313  |g RCR 
942 |c BK